000 00686nam a2200253Ia 4500
003 OSt
005 20220918204016.0
006 a|||||r|||| 00| 0
007 ta
008 220917b |||||||| |||| 00| 0 eng d
024 _a110,606
037 _cTextual
040 _aARTS
_cARTS
_beng
041 _2eng
_aeng
082 _aV491.N8, M8
100 _aRaja Anwar
_923715
245 0 _aTragedy of Afghanistan
_b A first hand Account Tr from Urdu by Khalid Hasan
260 _aLondon
_bVerso
_c1988
300 _axvii, 286p.
_ccm.
500 _aIncludes Index
650 _aHISTORY
942 _hV491.N8, M8
_cTEXL
_2CC
999 _c233956
_d233956